|
|
|
|
| LEADER |
00000nam a22000007a 4500 |
| 005 |
20130215132704.0 |
| 007 |
cr|||| |||| |
| 008 |
130215e2009 it |||||s|||| 00| 0 ita d |
| 020 |
|
|
|a 8884228727
|
| 035 |
|
|
|a 6787
|
| 040 |
|
|
|a vLex
|
| 090 |
|
|
|c 3660
|d 3660
|
| 100 |
1 |
0 |
|a Carabelli, Umberto
|
| 245 |
1 |
0 |
|a Europa dei mercati e conflitto sociale
|h [Recurso electrn̤ico]
|
| 256 |
|
|
|a Servicio en ln̕ea
|
| 260 |
|
|
|a Bari :
|b Cacucci Editore,
|c 2009
|
| 300 |
|
|
|a 1 Recurso electrn̤ico
|
| 650 |
0 |
4 |
|a Derecho comunitario
|
| 650 |
0 |
4 |
|a Derecho laboral
|
| 650 |
0 |
4 |
|a Libre circulacin̤ de trabajadores y polt̕ica social
|
| 740 |
|
|
|a vLex Libros (Servicio en ln̕ea)
|
| 856 |
|
|
|a Acceso directo
|u http://www.vlex.com/source/6787
|
| 942 |
|
|
|c BOOK
|
| 999 |
|
0 |
|a European Union
|